Cronache Del Dopo Bomba

محفوظ في:
التفاصيل البيبلوغرافية
المؤلف الرئيسي: Philip K Dick
التنسيق: كتاب
اللغة:لغة غير معروفة
منشور في: Enaudi
الوسوم: إضافة وسم
لا توجد وسوم, كن أول من يضع وسما على هذه التسجيلة!

MARC

LEADER 00000nam a2200000Ia 4500
001 R-1776
003 CODICE-MESSINA
005 20260212102516.0
008 260211s9999 xx 000 0 und d
040 |c importazione_messina 
100 |a Philip K Dick 
245 0 |a Cronache Del Dopo Bomba 
260 |b Enaudi 
942 |2 ddc  |c BK 
952 |0 0  |1 0  |2 ddc  |4 0  |6 SCAFFALE_18_000000000000000__STANZA_2__ROMANZI  |7 0  |9 32617  |a ME  |b ME  |d 2026-02-11  |l 0  |o SCAFFALE 18 - STANZA 2 - ROMANZI  |p R-1776  |r 2026-02-11 23:53:18  |w 2026-02-11  |x [REVISIONARE]  |y BK 
999 |c 28284  |d 28284